Liberty before liberalism /

Bibliographic Details
Main Author: Skinner, Quentin
Format: Book
Language:English
Published: Cambridge ; New York : Cambridge University Press, 1998.
Subjects:

MARC

Tag First Indicator Second Indicator Subfields
LEADER 00000cam a2200000 a 4500
001 in00001406565
005 20151020072755.0
008 971007s1998 enk b 001 0 eng
010 |a  97038824  
015 |a GB97-77606 
019 |a 38068752 
020 |a 0521632064 (hbk.) 
020 |a 0521638763 (pbk.) 
035 |a (OCoLC)37806093 
035 |9 AHQ3509AM 
040 |a DLC  |c DLC  |d C#P  |d UKM  |d TXA  |d UtOrBLW 
049 |a TXAM 
050 0 0 |a JC585  |b .S524 1998 
082 0 0 |a 323.44  |2 21 
100 1 |a Skinner, Quentin. 
245 1 0 |a Liberty before liberalism /  |c Quentin Skinner. 
264 1 |a Cambridge ;  |a New York :  |b Cambridge University Press,  |c 1998. 
300 |a xiv, 142 pages ;  |c 22 cm. 
336 |a text  |b txt  |2 rdacontent 
337 |a unmediated  |b n  |2 rdamedia 
338 |a volume  |b nc  |2 rdacarrier 
504 |a Includes bibliographical references (pages 121-137) and index. 
500 |a "An extended version of the Inaugural Lecture [Quentin Skinner] delivered in the University of Cambridge on 12th November 1997 as Regius Professor of Modern History"--Pref. 
650 0 |a Liberty. 
650 0 |a Liberalism. 
948 |a c:ce 
999 |a MARS 
999 f f |s 11b6b317-38b7-382b-aa47-fa5d829bed89  |i 715f0dfc-f8b5-3884-87c8-2028f9ffffd7  |t 0 
952 f f |p ric  |a Texas A&M University  |b Rellis Campus  |c Joint Library Facility  |d Remote Storage  |t 0  |e JC585 .S524 1998  |h Library of Congress classification  |i unmediated -- volume  |m A14823314954 
998 f f |a JC585 .S524 1998  |t 0  |l Remote Storage